| 000 | 01416nam a2200181 4500 | ||
|---|---|---|---|
| 001 | 447 | ||
| 005 | 20230410120925.0 | ||
| 008 | 060907n1992 dr spa | ||
| 035 | _9funglode450 | ||
| 041 | _aES | ||
| 050 | 1 | 4 | _aJC 421 M473d 1992 |
| 245 | 0 |
_aDemocracia y gobernabilidad en América Latina / _cCoordinador René Antonio Mayorga |
|
| 260 |
_aLa Paz : _bCentro Boliviano de Estudios Multidisciplinarios; Instituto Latinoamericano de Investigaciones Sociales (ILDIS-Bolivia); Nueva Sociedad, _c1992 |
||
| 300 | _a187 p. / 23 cm. | ||
| 520 | _aGobernabilidad en Bolivia, 19. -- Presidencialismo híbrido y democratización, 21. -- Gobernabilidad en entredicho : Conflictos institucionales y sistemas presidencialista, 41. -- Partidos políticos e informalización de la política, 63. -- Gobernabilidad, élite del poder y cultura política, 87. -- Nueva política económica y modernización del Estado, 99. -- Descentralización político - administrativa y gobernabilidad, 111. -- Perspectivas comparativas, 129. -- El problema de la gobernabilidad en Bolivia, Perú y Ecuador, 131. -- Democracia y desintegración política de Perú, 149. -- Proceso político y reforma institucional en Colombia, 165. -- Transición y democracia en Chile, 173. -- Bolivia y la modernidad : Una democracia para todos, no una isla para pocos, 177 | ||
| 700 | _aMayorga, René Antonio, Coord | ||
| 942 |
_2lcc _cbk |
||
| 999 |
_c54500 _d54500 |
||